Dr. Babasaheb ambedkar : The Architect of Modern India (Record no. 67012)
[ view plain ]
| 000 -LEADER | |
|---|---|
| fixed length control field | 00541nam a2200169Ia 4500 |
| 001 - CONTROL NUMBER | |
| control field | 65919 |
| 008 - FIXED-LENGTH DATA ELEMENTS--GENERAL INFORMATION | |
| fixed length control field | 230328n ii |||gr||||Z||||||465 |
| 020 ## - INTERNATIONAL STANDARD BOOK NUMBER | |
| International Standard Book Number | 978-81-933496-0-1 |
| 082 ## - DEWEY DECIMAL CLASSIFICATION NUMBER | |
| Classification number | 954.040924 |
| 100 ## - MAIN ENTRY--PERSONAL NAME | |
| Personal name | Meshram, Puranchandra. |
| 245 #0 - TITLE STATEMENT | |
| Title | Dr. Babasaheb ambedkar : The Architect of Modern India |
| Statement of responsibility, etc. | By Puranchandra Meshram |
| Medium | Textual Documents |
| 260 ## - PUBLICATION, DISTRIBUTION, ETC. | |
| Place of publication, distribution, etc. | Nagpur: |
| Name of publisher, distributor, etc. | Registrar. |
| 300 ## - PHYSICAL DESCRIPTION | |
| Extent | 672pg: |
| Dimensions | 30cm. |
| 653 ## - INDEX TERM--UNCONTROLLED | |
| Uncontrolled term | Dr. Babasaheb ambedkar : The Architect of Modern India |
| 653 ## - INDEX TERM--UNCONTROLLED | |
| Uncontrolled term | G-Modern India Architect |
| 942 ## - ADDED ENTRY ELEMENTS (KOHA) | |
| Source of classification or shelving scheme | Dewey Decimal Classification |
| Koha item type | Books |
| Withdrawn status | Lost status | Damaged status | Not for loan | Collection | Home library | Current library | Shelving location | Date acquired | Coded location qualifier | Cost, normal purchase price | Total checkouts | Full call number | Barcode | Date last seen | Copy number | Price effective from | Koha item type |
|---|---|---|---|---|---|---|---|---|---|---|---|---|---|---|---|---|---|
| Dr. Suryya Kumar Bhuyan Library | Dr. Suryya Kumar Bhuyan Library | 28/03/2023 | 00000 | 500.00 | 954.040924 Me 474 Ba | 6482/gift | 14/01/2024 | 1 | 28/03/2023 | Books |
